000 nam a22 7a 4500
999 _c8370
_d8370
008 180116b ||||| |||| 00| 0 eng d
100 _94784
_aGOYAL BRPTHERS PRAKASH
245 _aSOCIAL SCIENCE-III
260 _aNEW DELHI
_bGOYAL BROTHERS
_c2016